| 000 | 00503nam a22001697a 4500 | ||
|---|---|---|---|
| 005 | 20251108165027.0 | ||
| 008 | 250721s9999 xx 000 0 ara d | ||
| 082 | 1 | 4 | _a956.084/نهض |
| 100 | 1 | _aالأسد، ناصرالدين | |
| 245 | 1 | 0 |
_aالنهضة العربية الكبرى : _bدراسات و أبحاث / |
| 264 | _c[19-]. | ||
| 300 | _a256ص | ||
| 650 | 1 | 7 | _aتاريخ العرب |
| 650 | 1 | 7 | _aالثورة العربية الكبرى 1916-1918 |
| 942 |
_2ddc _cBK |
||
| 999 |
_c20269 _d20269 |
||